| 000 | 00663nam a2200241 i 4500 | ||
|---|---|---|---|
| 001 | 13196 | ||
| 003 | ES-MaACL | ||
| 005 | 20230906150523.0 | ||
| 007 | t| | ||
| 008 | 930118s1991 sp ||||0| spa d | ||
| 016 | 7 | _zCHM930014390 | |
| 020 | _a84-359-0677-9 | ||
| 040 |
_aCHM _bspa _cCHM |
||
| 080 | _a860(729.5)-1"19" | ||
| 100 | 1 |
_aGalib, Hamid. _953406 |
|
| 245 | 1 | 0 |
_aRevoque / _cHamid Galib. |
| 260 |
_a[Madrid] : _bPlayor, _cD.L. 1991. |
||
| 300 |
_a69 p ; _c21 cm. |
||
| 490 | 1 | _aBiblioteca de autores de Puerto Rico | |
| 830 | 0 |
_aBiblioteca de autores de Puerto Rico _9184514 |
|
| 852 |
_aES-MaACL _jL-20528 _bR.125466 |
||
| 999 |
_c13196 _d13196 |
||